The law on negotiable instruments (with documents of title)/ (Record no. 3307)

MARC details
000 -LEADER
fixed length control field 00618nam a22001937a 4500
003 - CONTROL NUMBER IDENTIFIER
control field OSt
005 - DATE AND TIME OF LATEST TRANSACTION
control field 20250701053124.0
008 - FIXED-LENGTH DATA ELEMENTS--GENERAL INFORMATION
fixed length control field 250630b |||||||| |||| 00| 0 eng d
020 ## - INTERNATIONAL STANDARD BOOK NUMBER
International Standard Book Number 978-971-23-7998-7.
040 ## - CATALOGING SOURCE
Original cataloging agency DWCL - Main lib
Transcribing agency OC
082 ## - DEWEY DECIMAL CLASSIFICATION NUMBER
Classification number Fil. 332.7 D377 2016
100 ## - MAIN ENTRY--PERSONAL NAME
Personal name De Leon, Hector S.
245 ## - TITLE STATEMENT
Title The law on negotiable instruments (with documents of title)/
Statement of responsibility, etc. Hector S. De Leon
260 ## - PUBLICATION, DISTRIBUTION, ETC.
Place of publication, distribution, etc. Manila :
Name of publisher, distributor, etc. Rex Book Store,
Date of publication, distribution, etc. c2016.
300 ## - PHYSICAL DESCRIPTION
Extent xviii, 397 pages ;
Dimensions 22 cm/
650 ## - SUBJECT ADDED ENTRY--TOPICAL TERM
Topical term or geographic name entry element 1. Negotiable instruments - Law
700 ## - ADDED ENTRY--PERSONAL NAME
Personal name Hector M. De Leon Jr.
942 ## - ADDED ENTRY ELEMENTS (KOHA)
Source of classification or shelving scheme Dewey Decimal Classification
Koha item type Book-Filipiniana
Call number prefix Fil.
Suppress in OPAC No
952 ## - LOCATION AND ITEM INFORMATION (KOHA)
--
952 ## - LOCATION AND ITEM INFORMATION (KOHA)
--
Holdings
Withdrawn status Lost status Source of classification or shelving scheme Damaged status Not for loan Home library Current library Shelving location Date acquired Source of acquisition Total Checkouts Full call number Barcode Date last seen Copy number Price effective from Koha item type Uniform Resource Identifier
    Dewey Decimal Classification     College Library College Library Filipiniana 04/10/2019 Replacement   Fil. 332.7 D377 2016 51955 06/30/2025 c1 06/30/2025 BK - FIL
    Dewey Decimal Classification     College Library College Library Filipiniana 03/30/2019 Replacement   Fil. 332.7 D377 2016 51924 07/01/2025 c1 07/01/2025 BK - FIL